Verejná správa v minulosti a dnes. 3

Tretia časť príspevku o histórii verejnej správy približuje práce, ktoré bolo potrebné zabezpečiť po prijatí zákona č. 221/1996 Z.z., aby sa jeho obsah uviedol do života.

Gespeichert in:
Bibliographische Detailangaben
1. Verfasser: Volko, V.
Format: Buchkapitel
Sprache:Slowakisch
Schlagworte:
Tags: Tag hinzufügen
Keine Tags, Fügen Sie das erste Tag hinzu!

MARC

LEADER 00000naa a2200000 4500
001 r028149
005 20230825080443.3
041 0 |a slo 
044 |a SK 
245 1 0 |a Verejná správa v minulosti a dnes. 3  |c V. Volko 
520 |a Tretia časť príspevku o histórii verejnej správy približuje práce, ktoré bolo potrebné zabezpečiť po prijatí zákona č. 221/1996 Z.z., aby sa jeho obsah uviedol do života. 
610 2 0 |a správa verejná 
610 2 0 |a Slovensko 
610 2 0 |a zákony 
610 2 0 |a legislatíva 
610 2 0 |a členenie územné administratívne 
100 1 |a Volko, V.